Name Chains – All 5+ - Statistics

General Stats
  • This quiz has been taken 464 times
    128 since last reset
  • The average score is 87 of 316
Answer Stats
Hint Answer % Correct
. J{ohn}
99%
. J{ames}
81%
. O{mar}
77%
. D{an}
71%
. B{ill}
65%
. G{eorge}
65%
. J{ack}
65%
. T{aylor}
65%
. P{aul}
64%
. H{u}
63%
. M{an}
63%
. F{rank}
62%
. L{ee}
61%
. R{uth}
61%
. D{avid}
59%
. G{uy}
58%
. C{raig}
57%
. J{ackson}
56%
. M{ohammed}
56%
. R{and}
56%
. K{im}
55%
. M{arie}
54%
. M{ichael}
54%
. H{enry}
52%
. G{lenn}
51%
. T{homas}
51%
. J{ay}
50%
. L{ewis}
50%
. M{artin}
50%
. M{arvin}
50%
. P{ierce}
50%
. R{ussell}
50%
. B{ell}
49%
. C{harles}
49%
. A{rnold}
47%
. A{nna}
46%
. C{lark}
46%
. J{ean}
46%
. R{ay}
46%
. J{oe}
45%
. L{auren}
44%
. L{uther}
44%
. G{rant}
43%
. R{obert}
43%
. B{ryan}
42%
. D{ean}
42%
. G{race}
39%
. R{io}
39%
. A{dam}
38%
. C{hristopher}
38%
. L{ewis}
38%
. L{in}
38%
. S{tephen}
38%
. R{ichard}
37%
. U{pton}
37%
. X{avier}
37%
. O{wen}
36%
. B{enjamin}
35%
. D{uke}
35%
. L{ouis}
35%
. M{ichel}
35%
. M{iles}
35%
. V{ictor}
35%
. K{elly}
34%
. L{ennox}
34%
. M{arion}
34%
. R{utherford}
34%
. F{rancis}
33%
. G{regg}
33%
. M{ax}
33%
. S{cott}
33%
. S{hu}
33%
. A{aron}
32%
. B{ob}
32%
. D{uncan}
32%
. M{aria}
32%
. R{yan}
32%
. S{imon}
32%
. E{lliott}
31%
. F{ranklin}
31%
. H{arrison}
31%
. J{ohnson}
31%
. P{arker}
31%
. G{il}
30%
. M{adison}
30%
. M{iranda}
30%
. W{alter}
30%
. H{ayden}
29%
. I{rving}
29%
. F{rei}
28%
. S{ean}
28%
. A{lexander}
27%
. B{rown}
27%
. B{ruce}
27%
. L{aurence}
27%
. L{awrence}
27%
. M{ichele}
27%
. S{amuel}
27%
. J{ane}
26%
. K{ing}
26%
. D{ouglas}
25%
. F{ord}
25%
. K{irk}
25%
. L{amar}
25%
. O{liver}
25%
. P{atrick}
25%
. P{enn}
25%
. W{ilson}
25%
. C{arroll}
24%
. A{llyson}
23%
. J{eremy}
23%
. W{arren}
23%
. H{olly}
22%
. S{tan}
22%
. A{ustin}
21%
. A{nderson}
20%
. B{radley}
20%
. E{lizabeth}
20%
. H{ugo}
20%
. M{ason}
20%
. N{eill}
20%
. R{idley}
20%
. T{iffany}
20%
. W{ashington}
20%
. K{endrick}
19%
. P{hilippe}
19%
. S{inclair}
19%
. T{ill}
19%
. D{ylan}
18%
. F{ranco}
18%
. H{oward}
18%
. A{lbert}
17%
. A{rthur}
17%
. D{ee}
17%
. G{abriel}
16%
. G{raham}
16%
. J{osef}
16%
. J{oseph}
16%
. L{ucas}
16%
. S{uleiman}
16%
. C{laus}
15%
. G{ordon}
15%
. H{erbert}
15%
. M{organ}
15%
. O{livier}
15%
. W{ang}
15%
. B{ooker}
14%
. F{erdinand}
14%
. H{arper}
14%
. K{erry}
14%
. M{arcus}
14%
. N{ero}
14%
. P{iper}
14%
. S{hawn}
14%
. T{yler}
14%
. I{sabel}
13%
. R{ose}
13%
. A{braham}
12%
. A{rcher}
12%
. B{lake}
12%
. H{arvey}
12%
. L{eslie}
12%
. M{itchell}
12%
. V{era}
12%
. C{arlos}
11%
. E{douard}
11%
. F{aure}
11%
. G{ilbert}
11%
. L{incoln}
11%
. S{pencer}
11%
. S{tanley}
11%
. C{arson}
10%
. H{amilton}
10%
. P{ierre}
10%
. R{amsay}
10%
. S{ebastian}
10%
. B{ernard}
9%
. B{ertrand}
9%
. C{laude}
9%
. C{liff}
9%
. F{elix}
9%
. L{ogan}
9%
. R{egina}
9%
. V{ernon}
9%
. B{rook}
8%
. D{ennis}
8%
. M{anoel}
8%
. O{tto}
8%
. T{revor}
8%
. C{hester}
7%
. L{aurel}
7%
. L{aurie}
7%
. F{reeman}
6%
. G{ottfried}
6%
. L{ara}
6%
. M{arcos}
6%
. S{hannon}
6%
. S{helton}
6%
. T{racy}
6%
. F{erry}
5%
. H{ailey}
5%
. L{ambert}
5%
. O{ldfield}
5%
. R{andolph}
5%
. R{oberto}
5%
. S{ilva}
5%
. W{allace}
5%
. W{esley}
5%
. A{lexandra}
4%
. B{aldwin}
4%
. B{runo}
4%
. D{rake}
4%
. F{abian}
4%
. F{riedrich}
4%
. G{ilberto}
4%
. L{uiz}
4%
. R{uby}
4%
. S{tefan}
4%
. T{ito}
4%
. E{rnst}
3%
. F{ritz}
3%
. J{esus}
3%
. L{uis}
3%
. R{udolph}
3%
. A{driano}
2%
. A{rne}
2%
. A{urelius}
2%
. B{ismarck}
2%
. B{urton}
2%
. C{onrad}
2%
. E{nrique}
2%
. G{nassingbe}
2%
. G{ustavo}
2%
. I{rwin}
2%
. M{aya}
2%
. P{aulo}
2%
. V{icente}
2%
. A{bbe}
1%
. D{enis}
1%
. D{omingo}
1%
. E{rhard}
1%
. G{iordano}
1%
. H{ardy}
1%
. M{arius}
1%
. S{ergio}
1%
. S{terling}
1%
. G{erard}
0%
. L{udwig}
0%
. M{oya}
0%
. N{icolai}
0%
. P{aulus}
0%
. P{lacido}
0%
No matching quizzes found
Score Distribution
Percent of People with Each Score
Percentile by Number Answered
Your Score History
You have not taken this quiz since the last reset